[Event "Keres Memorial-A"]
[Site "Tallinn"]
[Date "2005.08.31"]
[Round "3"]
[White "Smirnov, Artem"]
[Black "Kengis, Edvins"]
[Result "0-1"]
[WhiteElo "2405"]
[BlackElo "2534"]
[PlyCount "96"]
[EventDate "2005.08.30"]
[EventType "tourn (rapid)"]
[EventRounds "9"]
[EventCountry "EST"]
[EventCategory "9"]
[SourceTitle "CBM 108 Extra"]
[Source "ChessBase"]
[SourceDate "2005.11.04"]
[SourceVersion "1"]
[SourceVersionDate "2005.11.04"]
[SourceQuality "1"]

1. d4 d6 2. Nf3 Nf6 3. c4 g6 4. Nc3 Bf5 5. Nh4 Bd7 6. e4 e5 7. Nf3 Bg7 8. Be2 0-0 9. 0-0 Qe8 10. dxe5 dxe5 11. Nd5 Na6 12. Qc2 c6 13. Nxf6+ Bxf6 14. b3 Qe7 15. Bb2 Bg4 16. a3 Nc7 17. Ne1 Bxe2 18. Qxe2 Ne6 19. Nd3 Rad8 20. Rfd1 Bg7 21. Bc3 Rfe8 22. b4 Nd4 23. Bxd4 Rxd4 24. Nc5 a5 25. Rab1 axb4 26. axb4 b6 27. Na4 Qa7 28. Nc3 Qa3 29. Rdc1 Bh6 30. Rc2 Red8 31. b5 Rd2 32. Rxd2 Rxd2 33. Qf3 Rc2 34. Ne2 Qxf3 35. gxf3 c5 36. Kf1 Rxc4 37. Rb3 Bd2 38. Rd3 Rc2 39. Rd5 Rb2 40. Rxe5 Rxb5 41. f4 Rb1+ 42. Kg2 c4 43. f5 Kg7 44. Re7 gxf5 45. e5 Re1 46. Nd4 Kf8 47. Nxf5 c3 48. Rc7 Rxe5 0-1

[Event "Liepajas Rokade"]
[Site "Liepaja"]
[Date "2005.08.13"]
[Round "6"]
[White "Putka, Verner"]
[Black "Kengis, Edvins"]
[Result "0-1"]
[WhiteElo "2283"]
[BlackElo "2534"]
[PlyCount "72"]
[EventDate "2005.08.12"]
[EventType "tourn (rapid)"]
[EventRounds "13"]
[EventCountry "LAT"]
[SourceTitle "EXT 2018"]
[Source "ChessBase"]
[SourceDate "2017.10.13"]
[SourceVersion "1"]
[SourceVersionDate "2017.10.13"]
[SourceQuality "1"]

1. Nf3 d6 2. d4 Nf6 3. c4 g6 4. g3 Bg7 5. Bg2 0-0 6. 0-0 Bf5 7. Nc3 Ne4 8. Nh4 Nxc3 9. bxc3 Bc8 10. Rb1 c6 11. e4 Nd7 12. f4 Qa5 13. Qb3 Nb6 14. Rf2 c5 15. Be3 Bd7 16. Bf1 Rac8 17. Rc1 Rc7 18. Nf3 Qa6 19. Nd2 Na4 20. Qa3 b6 21. Rb1 Qc8 22. Be2 b5 23. Rc1 b4 24. Qb3 bxc3 25. Nf3 Rb7 26. Qd1 Rb2 27. a3 cxd4 28. Bxd4 Bxd4 29. Qxd4 Qc5 30. Qd3 Qxa3 31. Rcf1 Bh3 32. Re1 Nc5 33. Qe3 Qb4 34. Rc1 Rb1 35. Ng5 Rxc1+ 36. Qxc1 Qb2 0-1

[Event "Charleroi 4th"]
[Site "Charleroi"]
[Date "2005.08.02"]
[Round "5"]
[White "Kengis, Edvins"]
[Black "Brunner, Nicolas"]
[Result "1/2-1/2"]
[WhiteElo "2534"]
[BlackElo "2386"]
[PlyCount "87"]
[EventDate "2005.07.29"]
[EventType "tourn"]
[EventRounds "9"]
[EventCountry "BEL"]
[EventCategory "4"]
[SourceTitle "CBM 107 Extra"]
[Source "ChessBase"]
[SourceDate "2005.09.01"]
[SourceVersion "1"]
[SourceVersionDate "2005.09.01"]
[SourceQuality "1"]

1. d4 Nf6 2. Nf3 e6 3. g3 d5 4. Bg2 Be7 5. c4 0-0 6. Qc2 c5 7. 0-0 cxd4 8. Nxd4 Nc6 9. Nxc6 bxc6 10. b3 e5 11. Bb2 Bd6 12. Nc3 Be6 13. Rfd1 Rc8 14. e3 Qe7 15. cxd5 cxd5 16. Qe2 e4 17. Nb5 Bc5 18. h3 Rfd8 19. Rac1 Nd7 20. Rc2 f6 21. Nd4 Bxd4 22. Bxd4 Ne5 23. Bxe5 fxe5 24. Rdc1 Rxc2 25. Rxc2 Qd7 26. Kh2 Bf5 27. Rd2 Qc6 28. Qd1 Bg6 29. h4 h6 30. h5 Bf5 31. g4 Bh7 32. Kg1 Kh8 33. b4 Qc4 34. Bf1 Qc6 35. a4 Bg8 36. b5 Qb6 37. Bg2 Rf8 38. Rc2 Qf6 39. Qe2 Qh4 40. Rc6 Re8 41. Qd1 Rf8 42. Qe2 Re8 43. Qd1 Rf8 44. Qe2 1/2-1/2

[Event "Charleroi 4th"]
[Site "Charleroi"]
[Date "2005.08.01"]
[Round "4"]
[White "Meessen, Rudolf"]
[Black "Kengis, Edvins"]
[Result "0-1"]
[WhiteElo "2314"]
[BlackElo "2534"]
[PlyCount "55"]
[EventDate "2005.07.29"]
[EventType "tourn"]
[EventRounds "9"]
[EventCountry "BEL"]
[EventCategory "4"]
[SourceTitle "CBM 107 Extra"]
[Source "ChessBase"]
[SourceDate "2005.09.01"]
[SourceVersion "1"]
[SourceVersionDate "2005.09.01"]
[SourceQuality "1"]

1. d4 d6 2. e4 Nf6 3. f3 Nbd7 4. c4 e5 5. Ne2 Be7 6. Be3 0-0 7. d5 c6 8. Nec3 a6 9. Nd2 Ne8 10. b4 a5 11. b5 c5 12. g3 g6 13. Qc2 Ng7 14. 0-0-0 f5 15. Be2 Nf6 16. Bh6 a4 17. Nxa4 fxe4 18. fxe4 Bg4 19. Nf3 Nxe4 20. Qxe4 Bxf3 21. Bxf3 Rxa4 22. Kb1 Rb4+ 23. Ka1 Qa5 24. Rd2 Qa3 25. Qd3 Rxf3 26. Qxa3 Rxa3 27. Rf2 Nf5 28. Bd2 0-1